Catalog

Record Details

Catalog Search



Smrť Jánošíkova  Cover Image Book Book

Smrť Jánošíkova / Ján Botto ; [doslov napsal Laurent Horečný]

Botto, Ján, 1829-1881 (Author). Horečný, Laurent (Author of introduction, etc.).

Record details

  • Physical Description: 66 s.
  • Edition: 1. vyd.
  • Publisher: Praha : Státní pedagogické nakladatelství, 1956

Available copies

  • 1 of 1 copy available at Common Catalog SPOK.

Holds

  • 0 current holds with 1 total copy.
Show Only Available Copies
Location Call Number / Copy Notes Barcode Shelving Location Status Due Date
KDS Library 830 BoJ 204576801689 Library Available -

LDR 01620nam a2200481 a 4500
00121309
003CZ-PrJAB
00520150714073725.0
008000520s1956 xr | | slo
015 . ‡acnb000723803
035 . ‡a(CZ PrSKC)3148172391
035 . ‡a(OCoLC)85454755
040 . ‡aULG001 ‡bcze
080 . ‡a885.4-1
1001 . ‡aBotto, Ján, ‡d1829-1881 ‡7jn19990210129 ‡4aut
24510. ‡aSmrť Jánošíkova / ‡cJán Botto ; [doslov napsal Laurent Horečný]
250 . ‡a1. vyd.
260 . ‡aPraha : ‡bStátní pedagogické nakladatelství, ‡c1956
300 . ‡a66 s.
4901 . ‡aMimočítanková četba
7001 . ‡aHorečný, Laurent ‡4aui
830 0. ‡aMimočítanková četba
900 . ‡aULG001 ‡b13
910 . ‡aABE463
964 . ‡aPoezie
998 . ‡a000609462
901 . ‡a21309 ‡b ‡c21309 ‡tbiblio

Additional Resources